مكتبة جامعة عجلون الوطنية

فهرس بحث المكتبة

Economics of agricultural development : (Record no. 33149)

MARC details
000 -LEADER
fixed length control field 01401cam a2200397 a 4500
001 - CONTROL NUMBER
control field 15947843
003 - CONTROL NUMBER IDENTIFIER
control field JO-AjAnu
005 - DATE AND TIME OF LATEST TRANSACTION
control field 20231127102347.0
008 - FIXED-LENGTH DATA ELEMENTS--GENERAL INFORMATION
fixed length control field 091016s2010 enkab b 001 0 eng
010 ## - LIBRARY OF CONGRESS CONTROL NUMBER
LC control number 2009043168
015 ## - NATIONAL BIBLIOGRAPHY NUMBER
National bibliography number GBA974124
Source bnb
016 7# - NATIONAL BIBLIOGRAPHIC AGENCY CONTROL NUMBER
Record control number 015336719
Source Uk
020 ## - INTERNATIONAL STANDARD BOOK NUMBER
International Standard Book Number 9780415492645 (hb)
020 ## - INTERNATIONAL STANDARD BOOK NUMBER
International Standard Book Number 0415492645 (hb)
020 ## - INTERNATIONAL STANDARD BOOK NUMBER
International Standard Book Number 9780415494243 (pb)
020 ## - INTERNATIONAL STANDARD BOOK NUMBER
International Standard Book Number 0415494249 (pb)
020 ## - INTERNATIONAL STANDARD BOOK NUMBER
International Standard Book Number 9780203852750 (eb)
020 ## - INTERNATIONAL STANDARD BOOK NUMBER
International Standard Book Number 0203852753 (eb)
035 ## - SYSTEM CONTROL NUMBER
System control number (OCoLC)ocn308216889
040 ## - CATALOGING SOURCE
Original cataloging agency DLC
Transcribing agency DLC
Modifying agency YDX
-- YDXCP
-- IUL
-- UKM
-- CDX
-- DLC
-- JO-AjAnu
050 00 - LIBRARY OF CONGRESS CALL NUMBER
Classification number HD1415
Item number .N67 2019
082 00 - DEWEY DECIMAL CLASSIFICATION NUMBER
Classification number 338.1
Edition number 22
100 1# - MAIN ENTRY--PERSONAL NAME
Personal name Norton, George W.
245 10 - TITLE STATEMENT
Title Economics of agricultural development :
Remainder of title world food systems and resource use /
Statement of responsibility, etc. George W. Norton, Jeffrey Alwang, William A. Masters.
250 ## - EDITION STATEMENT
Edition statement 2nd ed.
260 ## - PUBLICATION, DISTRIBUTION, ETC.
Place of publication, distribution, etc. London ;
-- New York, NY :
Name of publisher, distributor, etc. Routledge,
Date of publication, distribution, etc. 2019.
300 ## - PHYSICAL DESCRIPTION
Extent ix, 465 p. :
Other physical details ill., maps ;
Dimensions 24 cm.
490 0# - SERIES STATEMENT
Series statement Routledge textbooks in environmental and agricultural economics
504 ## - BIBLIOGRAPHY, ETC. NOTE
Bibliography, etc. note Includes bibliographical references and index.
650 #0 - SUBJECT ADDED ENTRY--TOPICAL TERM
Topical term or geographic name entry element Agriculture
General subdivision Economic aspects.
700 1# - ADDED ENTRY--PERSONAL NAME
Personal name Alwang, Jeffrey R.
700 1# - ADDED ENTRY--PERSONAL NAME
Personal name Masters, William A.
906 ## - LOCAL DATA ELEMENT F, LDF (RLIN)
a 7
b cbc
c orignew
d 1
e ecip
f 20
g y-gencatlg
942 ## - ADDED ENTRY ELEMENTS (KOHA)
Source of classification or shelving scheme Library of Congress Classification
Koha item type Books
Suppress in OPAC No
Holdings
Withdrawn status Lost status Source of classification or shelving scheme Damaged status Not for loan Home library Current library Date acquired Total Checkouts Full call number Barcode Date last seen Price effective from Koha item type
    Library of Congress Classification     مكتبة جامعة عجلون الوطنية مكتبة جامعة عجلون الوطنية 27/11/2023   HD1415.N67.2019 E3668 27/11/2023 27/11/2023 Books
    Library of Congress Classification     مكتبة جامعة عجلون الوطنية مكتبة جامعة عجلون الوطنية 27/11/2023   HD1415.N67.2019 E3667 27/11/2023 27/11/2023 Books